000 00609nam a2200229Ia 4500
003 OSt
005 20220928101723.0
006 a|||||r|||| 00| 0
007 ta
008 220927b |||||||| |||| 00| 0 eng d
024 _a36752
037 _cTextual
040 _aSDCL
_cSDCL
_beng
041 _2eng
_aeng
082 _aS:521:(B), M0
100 _aPaulos John Allen
_9394235
245 0 _aMathematics and humor.
260 _aChicago
_bUniversity of Chicago Press
_c1980
300 _a116p.
_ccm.
942 _hS:521:(B), M0
_cTEXL
_2CC
999 _c709786
_d709786